Viagra : cómo actúa, efectos secundarios y contraindicaciones /

Obra de divulgación sobre la manera cómo el viagra puede ayudar a solucionar la impotencia. Sin embargo, no se centra sólo en el viagra, sino que aborda otros tratamientos alternativos para el problema.

Đã lưu trong:
Chi tiết về thư mục
Tác giả chính: Seiden, Othniel J. (autor)
Định dạng: Sách
Ngôn ngữ:Tiếng Tây Ban Nha
Được phát hành: A Coruña, España Everest, 1998, c1998
Loạt:(Manuales de Bolsillo)
Những chủ đề:
Các nhãn: Thêm thẻ
Không có thẻ, Là người đầu tiên thẻ bản ghi này!

MARC

LEADER 00000nam^a2200000^a^4500
001 000126602
005 20250521000000.0
009 20260310094733.352
020 |a 84-241-2597-5 
037 |a Acervo ITESO - Biblioteca 
041 |a ESP 
082 |a 616. 85832  |b SEI 
100 |a Seiden, Othniel J.  |e (autor) 
245 1 0 |a Viagra :  |b cómo actúa, efectos secundarios y contraindicaciones /  |c O.J. Seiden ; tr. por Esther Ruiz Entrena. 
264 4 |a A Coruña, España  |b Everest,  |c 1998, c1998 
300 |a 215 p. 
336 |a texto  |b txt  |2 rdacontenido 
337 |a sin mediación  |b n  |2 rdamedio 
338 |a volumen  |b nc  |2 rdasoporte 
440 1 |a (Manuales de Bolsillo) 
520 |a Obra de divulgación sobre la manera cómo el viagra puede ayudar a solucionar la impotencia. Sin embargo, no se centra sólo en el viagra, sino que aborda otros tratamientos alternativos para el problema. 
649 |a XX 
650 |a Estimulantes 
650 |a Impotencia 
650 |a Disfunciones Sexuales 
650 |a Sexualidad 
650 |a Psicología 
650 |a Medicina 
910 |a Fondo General 
920 |a Impresos - Libros 
930 |a Colección General 
905 |a 101 
901 |a 0500058772  |b IT1  |c ACC  |u 20250521 
902 |a https://opac.biblio.iteso.mx/vufind/Record/000126602